The Ishtiaq papers / (Record no. 23894)

MARC details
000 -LEADER
fixed length control field 01076cam a2200337 a 4500
001 - CONTROL NUMBER
control field 15193844
003 - CONTROL NUMBER IDENTIFIER
control field BDDh-ASL
005 - DATE AND TIME OF LATEST TRANSACTION
control field 20231015030313.0
008 - FIXED-LENGTH DATA ELEMENTS--GENERAL INFORMATION
fixed length control field 080226s2008 bg g 000 0 eng
010 ## - LIBRARY OF CONGRESS CONTROL NUMBER
LC control number 2008307349
020 ## - INTERNATIONAL STANDARD BOOK NUMBER
International Standard Book Number 9840517988
025 ## - OVERSEAS ACQUISITION NUMBER
Overseas acquisition number B-E-2008-307349; 23
037 ## - SOURCE OF ACQUISITION
Source of stock number/acquisition Library of Congress -- New Delhi Overseas Office
Terms of availability TK350.00
040 ## - CATALOGING SOURCE
Original cataloging agency DLC
Transcribing agency DLC
Modifying agency BDDh-ASL
041 0# - LANGUAGE CODE
Language code of text/sound track or separate title eng
-- ben
042 ## - AUTHENTICATION CODE
Authentication code lcode
043 ## - GEOGRAPHIC AREA CODE
Geographic area code a-bg---
050 00 - LIBRARY OF CONGRESS CALL NUMBER
Classification number JQ635
Item number .A79 2008
082 ## - DEWEY DECIMAL CLASSIFICATION NUMBER
Classification number 923.43
Item number ISH
100 1# - MAIN ENTRY--PERSONAL NAME
Personal name Ahmed, Syed Ishtiaq,
Dates associated with a name 1932-2003.
245 14 - TITLE STATEMENT
Title The Ishtiaq papers /
Statement of responsibility, etc. [by Syed Ishtiaq Ahmed] ; prefaced by Syed Refaat Ahmed.
260 ## - PUBLICATION, DISTRIBUTION, ETC.
Place of publication, distribution, etc. Dhaka :
Name of publisher, distributor, etc. UPL,
Date of publication, distribution, etc. 2008.
300 ## - PHYSICAL DESCRIPTION
Extent xiv, 152 p. ;
Dimensions 23 cm.
520 ## - SUMMARY, ETC.
Summary, etc. Articles with reference to Bangladesh.
546 ## - LANGUAGE NOTE
Language note English and Bengali.
650 #0 - SUBJECT ADDED ENTRY--TOPICAL TERM
Topical term or geographic name entry element Constitutional history
Geographic subdivision Bangladesh.
651 #0 - SUBJECT ADDED ENTRY--GEOGRAPHIC NAME
Geographic name Bangladesh
General subdivision Politics and government
Chronological subdivision 1971-
906 ## - LOCAL DATA ELEMENT F, LDF (RLIN)
a 7
b cbc
c origode
d 3
e ncip
f 20
g y-gencatlg
942 ## - ADDED ENTRY ELEMENTS (KOHA)
Source of classification or shelving scheme Dewey Decimal Classification
Koha item type Books
Holdings
Withdrawn status Lost status Source of classification or shelving scheme Damaged status Not for loan Collection code Home library Current library Shelving location Date acquired Source of acquisition Total Checkouts Full call number Barcode Date last seen Copy number Price effective from Koha item type Public note
    Dewey Decimal Classification     Non-fiction Asiatic Society Library Asiatic Society Library General Stacks 04/07/2021 Complementary   923.43 ISH 108447 04/07/2021 C-1 04/07/2021 Books Rare
    Dewey Decimal Classification     Non-fiction Asiatic Society Library Asiatic Society Library General Stacks 06/22/2021 Complimentary   923.43 ISH 109857 06/22/2021 C-2 06/22/2021 Books  

Powered by Koha